| 000 | 00425nam a2200181Ia 4500 | ||
|---|---|---|---|
| 001 | 352 | ||
| 005 | 20260306140511.0 | ||
| 008 | 260306t2018||||xx |||||||||||||| ||spa|| | ||
| 041 | _aESP | ||
| 082 |
_a101 _bS23 |
||
| 100 |
_aSánchez-Migallón, Sergio _eAUT |
||
| 245 | 0 | _aIntroducción a la filosofía | |
| 260 | _c2018 | ||
| 300 |
_a115 páginas : _c24 cm. |
||
| 650 | _aGEN | ||
| 654 | _aCHU | ||
| 942 |
_cLIB _dJUS _fJUS _2ddc _n |
||
| 999 |
_c352 _d352 |
||